<?xml version="1.0" encoding="UTF-8"?>
<record
    xmlns:xsi="http://www.w3.org/2001/XMLSchema-instance"
    xsi:schemaLocation="http://www.loc.gov/MARC21/slim http://www.loc.gov/standards/marcxml/schema/MARC21slim.xsd"
    xmlns="http://www.loc.gov/MARC21/slim">

  <leader>01506nam0a22003251  4500</leader>
  <controlfield tag="001">RU\NLR\A1\32403</controlfield>
  <controlfield tag="005">20251203152403.2</controlfield>
  <datafield tag="035" ind1=" " ind2=" ">
    <subfield code="a">(NLR Aleph) 009682552</subfield>
  </datafield>
  <datafield tag="090" ind1=" " ind2=" ">
    <subfield code="a">9707363</subfield>
    <subfield code="c">9707363</subfield>
  </datafield>
  <datafield tag="100" ind1=" " ind2=" ">
    <subfield code="a">20011114d1799    u  y0rusy50      ca</subfield>
  </datafield>
  <datafield tag="101" ind1="0" ind2=" ">
    <subfield code="a">rus</subfield>
  </datafield>
  <datafield tag="102" ind1=" " ind2=" ">
    <subfield code="a">RU</subfield>
  </datafield>
  <datafield tag="200" ind1="1" ind2=" ">
    <subfield code="a">&#x420;&#x435;&#x447;&#x44C; &#x43E; &#x43B;&#x44E;&#x431;&#x432;&#x438; &#x43A; &#x43E;&#x442;&#x435;&#x447;&#x435;&#x441;&#x442;&#x432;&#x443;</subfield>
    <subfield code="f">&#x427;&#x438;&#x442;&#x430;&#x43D;&#x430; &#x432; &#x43F;&#x443;&#x431;&#x43B;&#x438;&#x447;&#x43D;&#x43E;&#x43C; &#x430;&#x43A;&#x442;&#x435;, &#x431;&#x44B;&#x432;&#x448;&#x435;&#x43C; &#x432; &#x423;&#x43D;&#x438;&#x432;&#x435;&#x440;&#x441;&#x438;&#x442;&#x435;&#x442;&#x441;&#x43A;&#x43E;&#x43C; &#x431;&#x43B;&#x430;&#x433;&#x43E;&#x440;&#x43E;&#x434;&#x43D;&#x43E;&#x43C; &#x43F;&#x430;&#x43D;&#x441;&#x438;&#x43E;&#x43D;&#x435;, &#x43E;&#x434;&#x43D;&#x438;&#x43C; &#x438;&#x437; &#x432;&#x43E;&#x441;&#x43F;&#x438;&#x442;&#x430;&#x43D;&#x43D;&#x438;&#x43A;&#x43E;&#x432;. [&#x418;.&#x421;&#x440;&#x435;&#x437;&#x43D;&#x435;&#x432;&#x441;&#x43A;&#x438;&#x43C;]. &#x414;&#x435;&#x43A;&#x430;&#x431;&#x440;&#x44F; 21 &#x434;&#x43D;&#x44F;, 1799 &#x433;&#x43E;&#x434;&#x430;</subfield>
  </datafield>
  <datafield tag="210" ind1=" " ind2=" ">
    <subfield code="a">&#x41C;.</subfield>
    <subfield code="c">&#x423;&#x43D;&#x438;&#x432;. &#x442;&#x438;&#x43F;., &#x443; &#x425;&#x440;. &#x420;&#x438;&#x434;&#x438;&#x433;&#x435;&#x440;&#x430; &#x438; &#x425;&#x440;. &#x41A;&#x43B;&#x430;&#x443;&#x434;&#x438;&#x44F;</subfield>
    <subfield code="d">[1799]</subfield>
  </datafield>
  <datafield tag="215" ind1=" " ind2=" ">
    <subfield code="a">[2], 5-13 &#x441;.</subfield>
    <subfield code="d">4&#xB0;</subfield>
  </datafield>
  <datafield tag="305" ind1=" " ind2=" ">
    <subfield code="a">&#x41E;&#x442;&#x442;. &#x438;&#x437; &#x441;&#x431;.: &#x420;&#x435;&#x447;&#x44C; &#x438; &#x441;&#x442;&#x438;&#x445;&#x438;, &#x447;&#x438;&#x442;&#x430;&#x43D;&#x43D;&#x44B;&#x435; &#x432; &#x43F;&#x443;&#x431;&#x43B;&#x438;&#x447;&#x43D;&#x43E;&#x43C; &#x430;&#x43A;&#x442;&#x435;, &#x431;&#x44B;&#x432;&#x448;&#x435;&#x43C; &#x432; &#x423;&#x43D;&#x438;&#x432;&#x435;&#x440;&#x441;&#x438;&#x442;&#x435;&#x442;&#x441;&#x43A;&#x43E;&#x43C; &#x431;&#x43B;&#x430;&#x433;&#x43E;&#x440;&#x43E;&#x434;&#x43D;&#x43E;&#x43C; &#x43F;&#x430;&#x43D;&#x441;&#x438;&#x43E;&#x43D;&#x435;. &#x414;&#x435;&#x43A;&#x430;&#x431;&#x440;&#x44F; 21 &#x434;&#x43D;&#x44F; 1799 &#x433;&#x433;.</subfield>
  </datafield>
  <datafield tag="321" ind1="1" ind2=" ">
    <subfield code="a">&#x421;&#x41A; XVIII 5956</subfield>
  </datafield>
  <datafield tag="620" ind1=" " ind2=" ">
    <subfield code="d">&#x41C;&#x43E;&#x441;&#x43A;&#x432;&#x430;</subfield>
  </datafield>
  <datafield tag="701" ind1=" " ind2="1">
    <subfield code="a">&#x421;&#x440;&#x435;&#x437;&#x43D;&#x435;&#x432;&#x441;&#x43A;&#x438;&#x439;</subfield>
    <subfield code="b">&#x418;.&#x415;.</subfield>
    <subfield code="f">1770-1819</subfield>
    <subfield code="g">&#x418;&#x432;&#x430;&#x43D; &#x415;&#x432;&#x441;&#x435;&#x435;&#x432;&#x438;&#x447;</subfield>
    <subfield code="4">070</subfield>
  </datafield>
  <datafield tag="702" ind1=" " ind2="1">
    <subfield code="a">&#x41A;&#x43B;&#x430;&#x443;&#x434;&#x438;&#x439;</subfield>
    <subfield code="b">&#x425;.&#x410;.</subfield>
    <subfield code="f">-1805</subfield>
    <subfield code="g">&#x425;&#x440;&#x438;&#x441;&#x442;&#x43E;&#x444;&#x43E;&#x440; &#x410;&#x43B;&#x435;&#x43A;&#x441;&#x430;&#x43D;&#x434;&#x440;&#x43E;&#x432;&#x438;&#x447;</subfield>
    <subfield code="4">610</subfield>
  </datafield>
  <datafield tag="702" ind1=" " ind2="1">
    <subfield code="a">&#x420;&#x438;&#x434;&#x438;&#x433;&#x435;&#x440;</subfield>
    <subfield code="b">&#x425;.</subfield>
    <subfield code="g">&#x425;&#x440;&#x438;&#x441;&#x442;&#x438;&#x430;&#x43D;</subfield>
    <subfield code="4">610</subfield>
  </datafield>
  <datafield tag="712" ind1="0" ind2="2">
    <subfield code="a">&#x41C;&#x43E;&#x441;&#x43A;&#x43E;&#x432;&#x441;&#x43A;&#x438;&#x439; &#x443;&#x43D;&#x438;&#x432;&#x435;&#x440;&#x441;&#x438;&#x442;&#x435;&#x442;</subfield>
    <subfield code="b">&#x422;&#x438;&#x43F;&#x43E;&#x433;&#x440;&#x430;&#x444;&#x438;&#x44F;</subfield>
    <subfield code="4">610</subfield>
  </datafield>
  <datafield tag="801" ind1=" " ind2="0">
    <subfield code="a">RU</subfield>
    <subfield code="b">NLR</subfield>
    <subfield code="c">20011114</subfield>
  </datafield>
  <datafield tag="899" ind1=" " ind2=" ">
    <subfield code="a">&#x411;&#x410;&#x41D;</subfield>
  </datafield>
  <datafield tag="899" ind1=" " ind2=" ">
    <subfield code="a">&#x411;&#x410;&#x41D;</subfield>
  </datafield>
  <datafield tag="942" ind1=" " ind2=" ">
    <subfield code="c">BOOK</subfield>
  </datafield>
  <datafield tag="980" ind1=" " ind2=" ">
    <subfield code="a">NB</subfield>
  </datafield>
  <datafield tag="980" ind1="3" ind2=" ">
    <subfield code="a">kpban</subfield>
  </datafield>
  <datafield tag="980" ind1=" " ind2=" ">
    <subfield code="a">A1XVIIIv</subfield>
  </datafield>
</record>
